00795nam a2200205Ia 4500003000900000008004100009020001900050040001600069080001600085111006400101245018400165260003700349300001600386650001500402650001800417700003700435942000700472999001700479952009300496IN-BaIIA211028s9999 xx 000 0 eng d a2-86332-122-06 cIIA Library a524.85bROC aIAP Astrophysics Meetingn8thcParisd1992 July 7-11927966 0aFirst Light in the universe stars or QSO's?bproceedings of the 8th IAP Astrophysics Meeting held in Paris, July 7-11 1992cedited by B. Rocca Volmerange  aFrancebEditions Frontiersc1993 axxii, 432p. aQSO918529 aQuasars91096 aRocca Volmerange, B., ed.917615 cBK c15211d15211 00104070aBANbKAVcGENd2003-07-16l0o524.85/ ROCp16133r2021-11-05w2003-07-16yBK